| 000 | 00670nam a2200205Ia 4500 | ||
|---|---|---|---|
| 003 | GCL | ||
| 008 | 140319s9999 xx 000 0 ara d | ||
| 040 |
_aGCL / _cGCL |
||
| 082 | 0 | 4 |
_a327.11 _bم ك |
| 100 | 1 | _aمحمد عبدالهادى جمال | |
| 245 | 1 | 0 |
_aالكويت وايام الاحتلال / _cمحمد عبدالهادى جمال |
| 260 |
_a[S.N] : _bلجنة الاعلام والدراسات المستقبلية ، _c1992 |
||
| 300 | _a419 ص | ||
| 490 | _a | ||
| 650 | 0 | 4 | _aالكويت |
| 650 | 0 | 4 | _aالعراق |
| 650 | 0 | 4 | _aالولايات المتحدة الامريكية |
| 650 | 0 | 4 | _aالعمليات الحربية |
| 942 |
_2ddc _cBK |
||
| 999 |
_c55429 _d55429 |
||